| 000 | 00404nam a22001697a 4500 | ||
|---|---|---|---|
| 003 | OSt | ||
| 008 | 240401b |||||||| |||| 00| 0 eng d | ||
| 020 | _a9789332518117 | ||
| 082 | _a741.672 ARP | ||
| 100 | _aARMSTRONG, Helen Joseph | ||
| 245 | _aPatternmaking For Fashion Design | ||
| 250 | _a5th. ed. | ||
| 260 |
_aNoida _bPearson _c2024 |
||
| 300 | _a919 p. | ||
| 650 | _aB. FAD. | ||
| 942 |
_2ddc _cBK |
||
| 999 |
_c12373 _d12373 |
||